000
00256cam a2200133ua 4500
041
_a
mal
_h
082
_a
954.01
_b
NAR/SA
100
_a
Narayani , Puthuval .
245
_a
Asokan
300
_a
120 ; .
504
_a
942
_c
BK
999
_c
4104
_d
4104